000 00677nam a2200205 a 4500
001 11114
003 CO-ViMGA
008 141112s2004 ck r 000 u spa d
020 _a9589244527
040 _aCO-ViMGA
_bspa
_cCO-ViMGA
082 0 4 _a863.32 A71p
100 1 _aArango Mejía, Jorge
_915409
245 1 0 _aLas palabras maravillosas de Quijote
260 _aSantafé de Bogotá,
_ceditorial Nomos,
_c1997
300 _a363 p.
650 1 4 _aCERVANTES SAAVEDRA, MIGUEL DE (1547 - 1616) - CRITICA E INTERPRETACION
_915410
650 1 4 _aEL QUIJOTE DE LA MANCHA - CRITICA E INTERPRETACION
_915411
650 1 4 _aNOVELA ESPANOLA - HISTORIA Y CRITICA
_915412
942 _2ddc
_cBK
999 _c22328
_d22328